Easing the pain (Record no. 65838)
[ view plain ]
| 000 -LEADER | |
|---|---|
| fixed length control field | 01265cam a2200229 4500 |
| 001 - CONTROL NUMBER | |
| control field | ABS63511 |
| 008 - FIXED-LENGTH DATA ELEMENTS--GENERAL INFORMATION | |
| fixed length control field | 000000n2001 000 0 eng u |
| 035 ## - SYSTEM CONTROL NUMBER | |
| System control number | (Sirsi) u110435 |
| 100 ## - MAIN ENTRY--PERSONAL NAME | |
| Personal name | Lupton, M. |
| 245 ## - TITLE STATEMENT | |
| Title | Easing the pain |
| 260 ## - PUBLICATION, DISTRIBUTION, ETC. | |
| Date of publication, distribution, etc. | 2001 |
| 490 ## - SERIES STATEMENT | |
| Series statement | Housing Today |
| Volume/sequential designation | (213) 5 January 2001, 16-17(2) |
| 520 ## - SUMMARY, ETC. | |
| Summary, etc. | Reviews the government's plans for the future of social housing, as outlined in the DETR guide to social rent reform, and the response of registered social landlords. RSLs have welcomed the increased flexibility in the approach to rent restructuring; that they will be able to produce their own valuations; five percent bandings; and that the Housing Corporation will be able to give waivers or derogations to struggling RSLs. Concern has been expressed, however, that every RSL will have to present an annual restructuring report to the Housing Corporation; about the Housing Corporation's ability to meet expectations as regulator; and what format the review proposed by the government for three years time will take. |
| 590 ## - LOCAL NOTE (RLIN) | |
| Local note | ABS |
| 650 ## - SUBJECT ADDED ENTRY--TOPICAL TERM | |
| Topical term or geographic name entry element | HOUSING CORPORATION |
| 650 ## - SUBJECT ADDED ENTRY--TOPICAL TERM | |
| Topical term or geographic name entry element | HOUSING POLICY |
| 650 ## - SUBJECT ADDED ENTRY--TOPICAL TERM | |
| Topical term or geographic name entry element | RSLS |
| 650 ## - SUBJECT ADDED ENTRY--TOPICAL TERM | |
| Topical term or geographic name entry element | RENT REFORM |
| 650 ## - SUBJECT ADDED ENTRY--TOPICAL TERM | |
| Topical term or geographic name entry element | SOCIAL HOUSING |
| 690 ## - LOCAL SUBJECT ADDED ENTRY--TOPICAL TERM (OCLC, RLIN) | |
| Topical term or geographic name as entry element | Affordable housing |
| 9 (RLIN) | 6215 |
| 942 ## - ADDED ENTRY ELEMENTS (KOHA) | |
| Suppress in OPAC | 0 |
| Withdrawn status | Lost status | Source of classification or shelving scheme | Damaged status | Not for loan | Home library | Current library | Shelving location | Date acquired | Total Checkouts | Full call number | Barcode | Date last seen | Copy number | Price effective from | Koha item type |
|---|---|---|---|---|---|---|---|---|---|---|---|---|---|---|---|
| Dewey Decimal Classification | London | London | Journal article | 07/03/2001 | ABS63511 | 110435-1001 | 06/08/2019 | 1 | 06/08/2019 | Journal article |